000 01628cam a2200373 i 4500
001 18656490
003 OSt
005 20260703094740.0
008 150612s2015 ilu 000 0 eng
010 _a 2015022994
020 _a9780830846115
_qpbk. : alk. paper
035 _a18656490
040 _aDLC
_beng
_cDLC
_erda
_dDLC
042 _apcc
050 0 0 _aBV4817
_b.B356 2015
082 0 0 _a231/.6
_223
100 1 _aBenner, David G.
245 1 0 _aSurrender to love :
_bdiscovering the heart of Christian spirituality /
_cDavid G. Benner ; foreword by M. Basil Pennington.
250 _aExpanded Edition
264 1 _aDowners Grove :
_bIVP Books,
_c[2015]
300 _a127 pages ;
_c21 cm.
336 _atext
_btxt
_2rdacontent
337 _aunmediated
_bn
_2rdamedia
338 _avolume
_bnc
_2rdacarrier
490 0 _aThe spiritual journey
505 0 _aSurrender, love and, spirituality -- It all begins with love -- Love and fear -- Surrender and obedience -- Transformed by love -- Becoming love -- The spiritual journey.
583 _aCataloguing:
_c20260703
_kgtanuigtanui
650 0 _aGod (Christianity)
_xWorship and love.
650 0 _aSubmissiveness
_xReligious aspects
_xChristianity.
776 0 8 _iOnline version:
_aBenner, David G.
_tSurrender to love
_bExpanded Edition
_dDowners Grove : InterVarsity Press, 2015
_z9780830899449
_w(DLC) 2015023874
906 _a7
_bcbc
_corignew
_d1
_eecip
_f20
_gy-gencatlg
942 _2lcc
_cBK
999 _c21770
_d21769